000 00338nam a22001457a 4500
008 211013b ||||| |||| 00| 0 eng d
020 _a9780534527495
041 _aeng
080 _23rd
_a321
082 _a321
100 _a49
101 _aPSI
245 _aJustice Alternative Political Perspectives
_cSterba,J.P
942 _2udc
_cBK
999 _c58214
_d58214